000 00615nam a2200193 i 4500
001 62545
003 ES-MaACL
005 20231227182305.0
007 t|
008 031121s1954 sp ||||1| spa d
100 1 _aFernández Flórez, Wenceslao,
_d1885-1964
_949790
245 1 4 _aLas siete columnas
_b: novela /
_cW. Fernández Flórez.
260 _aBarcelona :
_bPlaneta,
_c[1954] (
_fHorta)
300 _a287 p. ;
_c20 cm.
490 1 _aAutores españoles contemporáneos
830 0 _aAutores españoles contemporáneos
_9180811
852 _aES-MaACL
_jC-8810
_bR.36169
999 _c62545
_d62545